000
00295nam a22001337a 4500
008
171014b xxu||||| |||| 00| 0 eng d
020
_a
9780321305039
041
_a
eng
080
_a
33
100
_a
52
101
_a
EKO
245
_a
MODERN LABOR ECONOMICS
_c
EHRENBERG, R.G
942
_2
udc
_c
BK
999
_c
33979
_d
33979